000 04014nab a22007577 4500
003 AR-RoUNA
022 _a0327-9022
040 _aAR-RoUNA
_bspa
041 _aspa
044 _aag
245 _aSumma+ /
_bDomicilios Icónicos - Big - Gang - Rojkind - Plan:B - Patterns + MSA
260 _aBuenos Aires (Argentina):
_cDonn SA,
_b1993.
300 _a128 p. :
_bil. byn.
_bplanos
_c34X25 cm.
505 0 _tINDICE
505 0 _tDOMICILIO URBANO: IDENTIDAD, MEMORIA, CAMBIO / Fernando Diez, Constanza Chiozza, Gustavo Alonso Serafin y Martín Di Peco. p. 1
505 0 _tCARTELERA
505 0 _tDOMICILIOS ICÓNICOS, Fernando Diez. p. 8
505 0 _tLA GRAN MANZANA
505 0 _aBig Bjarke Ingels Group / Via 57 West, Nueva York, Estado Unidos, 2016. p. 10
505 0 _tEFECTO DOM-INÓ
505 0 _aStudio Gang Architects / City Hyde Park, Chicago, Estados Unidos, 2016. p. 20
505 0 _tESTAR DE SIERRA MADRE
505 0 _aRojkind Arquitectos / Highpark, Monterrey, México. p. 28
505 0 _tEN PLAN PERMEABLE
505 0 _aPlan:B Arquitectos + M + Group / Zebrano, Envigado, Antioquia, Colombia, 2016. p. 36
505 0 _tCELEBRA LA ESQUINA
505 0 _aP-A-T-T-E-R-N-S + MSA / Rosario, Argentina, 2012. p. 44
505 0 _tTRANSFORMACIONES COMUNALES, Constanza Chiozza. p. 58
505 0 _tCON IMPRONTA PATRIMONIAL
505 0 _aCadaval & Solá-Morales / Córdoba - Reurbano, Colonia Roma, Ciudad de México, México, 2015. p. 62
505 0 _tFABRICAR VIVIENDAS
505 0 _aRonald Janssen / Doce Lotes en la vieja Fábrica de Engranajes, Nieuwe Ridderstraat 43-53 G Nieuwe Jonkerstraat 50-60, Ámsterdam, Países Bajos, 2015. p. 68
505 0 _tTRANSFORMACIÓN EDITORIAL
505 0 _aLopatin arquitectos / La Editorial, Bolívar 1610, CABA, Argetina, 2015. p. 74
505 0 _tENSAMBLES NO TAN COMUNES, Gustavo Alonso Serafin. p. 82
505 0 _tSIETE CASAS URBANAS
505 0 _aR2B1 / Edificio Virrey del Pino, Belgrano R, CABA, Argentina, 2015. p. 84
505 0 _tTRES TÍPICOS TIPOS
505 0 _aJavier Sánchez Arquitectos / Durango 133, Colonia Roma Norte, Ciudad de México, México, 2015. p. 90
505 0 _tINCLUIDO EN LA CIUDAD
505 0 _aIván Theoduloz / Neo-Cité San Francisco, Comuna de Santiago, Santiago, Chile, 2014. p. 94
505 0 _tLA CONTINUIDAD DE LOS PATIOS
505 0 _aSMLXL / Condominio Huaria I, Rosario, Provincia de Santa Fe, Argetnina, 2016. p. 98
505 0 _aDaniel Kozak, Julian Evans, Guillermo Adamo, Diego Abálsamo y Laura Romanello / Sustentabilidad en Viviendas de Escala intermedia en Buenos Aires. p. 102
505 0 _aConstanza Chiozza / Legalización de la materia. p. 111
505 0 _tNUEVA VEINTE
505 0 _aBarrio 20 de Lugano, Instituto de la Vivienda de la Ciudad (IVC). p. 114
505 0 _aRomina Rossetti / BIA-AR 2016: Tomografías Transversales. p. 118
505 0 _tORGANIZACIÓN GENERAL BIA-AR 2016
505 0 _aColegio de arquitectos de la Provincia de Córdoba, ARQA, 2016. p. 119
505 0 _aGustavo Alonso Serafin y Constanza Chiozza / Arquitectura Lado B. p. 122
505 0 _tCAJAS DE SORPRESAS
505 0 _aEdson Da Cunha Mahfuz / Edificio Larkin, Frank Lloyd Wright (1903-1905). p. 124
505 0 _aEdson Da Cunha Mahfuz / Caja Granada, Alberto Campo Baeza (1992-2001). p. 124
505 0 _aRoberto Fernández / El proyecto de la ruina: Las Pozas de James. p. 128
505 0 _aMario Sabugo / Saber desver arquitectura. p. 129
505 0 _aIgnacio Ros de Olano / ¨Viena Roja¨, Karl - Marx - Hof en el papel. p. 130
505 0 _aRafael E.J. Iglesia / La Cúpula y nosotros. p. 131
505 0 _aGustavo Alonso Serafin y Constanza Chiozza / Tafuri Revisitado. p. 132
650 _2Arquitectura conteporánea
773 0 _aSumma+
_dBuenos Aires, Argentina
_gNº155 (dic, 2016), p. 132
_x0327-9022
908 _aImp
942 _2udc
_cART
945 _d2022-07-08
980 _6138
_aCarolina Rainero
_8138
_gCarolina Rainero
999 _c12310
_d12310